000 00753nam a22002415a 4500
005 20151102141342.0
008 150624r20142012ii a fr 001 0 eng d
020 _a9789350142530
040 _aEG-ScBUE
_beng
_dEG-ScBUE
082 0 4 _222
_bMAN
_a621
100 1 _aManhas, Pratima.
_938631
245 1 0 _aVLSI design /
_cby Pratima Manhas, Shaveta Thakral.
250 _a4th ed., Reprint ed.
260 _aNew Delhi :
_bS. K. Kataria & Sons,
_c2014.
300 _a462 p. :
_bill. ;
_c24 cm.
500 _aIndex : p. 460-462.
500 _aReprinted of the 2012 ed.
650 _2BUEsh
_aIntegrated circuits
_xVery large scale integration
651 _2BUEsh
653 _bENGGEN
_cJune2015
_cNovember2015
700 1 _aThakral, Shaveta.
942 _2ddc
999 _c19877
_d19849